Applications of supercritical fluids in industrial analysis /

This volume concentrates on applications of supercritical fluids in the major industrial sectors: polymer analysis, environmental chemistry, pharmaceutical chemistry and food technology. An introduction to supercritical fluids is followed by chapters on the instrumentation available for supercritica...

Full description

Bibliographic Details
Corporate Author: SpringerLink (Online service)
Other Authors: Dean, John R.
Format: eBook
Language:English
Published: Dordrecht : Springer Netherlands, 1993.
Subjects:
Online Access:Connect to the full text of this electronic book

MARC

Tag First Indicator Second Indicator Subfields
LEADER 00000cam a2200000Ma 4500
001 in00003542821
006 m o d
007 cr nn|||||||||
008 121227s1993 ne o 000 0 eng d
005 20260420203741.4
020 |a 9789401121460 (electronic bk.) 
020 |a 940112146X (electronic bk.) 
020 |z 9789401049511 
035 |a (OCoLC)840309330 
040 |a I9W  |b eng  |e pn  |c I9W  |d OCLCQ  |d GW5XE  |d OCLCF  |d UtOrBLW 
049 |a TXAM 
050 4 |a TP156.E8 
082 0 4 |a 660/.2842  |2 23 
245 0 0 |a Applications of supercritical fluids in industrial analysis /  |c edited by John R. Dean. 
264 1 |a Dordrecht :  |b Springer Netherlands,  |c 1993. 
300 |a 1 online resource (240 pages) 
336 |a text  |b txt  |2 rdacontent 
337 |a computer  |b c  |2 rdamedia 
338 |a online resource  |b cr  |2 rdacarrier 
500 |a "Originally published by Chapman & Hall in 1993."--title page verso. 
520 |a This volume concentrates on applications of supercritical fluids in the major industrial sectors: polymer analysis, environmental chemistry, pharmaceutical chemistry and food technology. An introduction to supercritical fluids is followed by chapters on the instrumentation available for supercritical fluid extraction and supercritical fluid chromatography. 
500 |a Electronic resource. 
650 0 |a Supercritical fluid extraction. 
650 0 |a Supercritical fluid chromatography. 
650 7 |a Supercritical fluid chromatography.  |2 fast  |0 (OCoLC)fst01138856 
650 7 |a Supercritical fluid extraction.  |2 fast  |0 (OCoLC)fst01138857 
655 7 |a Electronic books.  |2 local 
700 1 |a Dean, John R. 
710 2 |a SpringerLink (Online service) 
856 4 0 |u http://proxy.library.tamu.edu/login?url=https://link.springer.com/10.1007/978-94-011-2146-0  |z Connect to the full text of this electronic book  |t 0 
994 |a 92  |b TXA 
999 |a MARS 
999 f f |s f24ac097-ff97-38b6-a437-f9727f59e5aa  |i 39477623-d2b9-3cf8-8dfd-71e6b812f6ee  |t 0 
952 f f |a Texas A&M University  |b College Station  |c Electronic Resources  |s www_evans  |d Available Online  |t 0  |e TP156.E8  |h Library of Congress classification 
998 f f |a TP156.E8  |t 0  |l Available Online